| 000 | 00982nas a2200301 4500 | ||
|---|---|---|---|
| 001 | BR8402847 | ||
| 003 | BR-BrBNA | ||
| 005 | 20231205085925.0 | ||
| 007 | ta | ||
| 008 | 230509b bl.|||p| |||| 00| 00por d | ||
| 040 |
_aBR-BrBNA _bpor _cBiblioteca Nacional de Agricultura |
||
| 041 | _a(En) | ||
| 072 | _aL50 | ||
| 100 | 1 | _aGillett, M.P.T. | |
| 100 | 1 | _aLima Filho, A.B. | |
| 100 | 1 | _aLima Filho, J.L.L. | |
| 100 | 1 | _aLima, V.L.M. | |
| 245 | 1 | _aRelationship between plasma lipid and lipoprotein levels and lecithin: cholesterol acyltransferase activity in non - laying domestic hens, Gallus domesticus [galinha, bioquimica animal] | |
| 650 | _aGALINHA | ||
| 650 | _aBIOQUIMICA ANIMAL | ||
| 650 | _aPLASMA | ||
| 650 | _aLIPIDIO | ||
| 650 | _aLIPOPROTEINA | ||
| 650 | _aLECITINA | ||
| 773 | 0 |
_tArquivos de Biologia e Tecnologia (Brazil) _xISSN 0365-0979 _g(1984), v. 27(3) p. 329-338 _wBR8402847 |
|
| 909 |
_a202311 _bLúcia _c55 _dLúcia Elande |
||
| 942 |
_2AGRIS _n0 _cANA |
||
| 999 |
_c114814 _d114814 |
||